La lámpara maravillosa : (Registro nro. 7374)

000 -CABECERA
campo de control de longitud fija 00922nam a2200265 u 4500
001 - NÚMERO DE CONTROL
campo de control 000059974
005 - FECHA Y HORA DE LA ÚLTIMA TRANSACCIÓN
campo de control 20200120223858.0
008 - DATOS DE LONGITUD FIJA--INFORMACIÓN GENERAL
campo de control de longitud fija 140109t2012 ck r 000 0 spa d
020 ## - NÚMERO INTERNACIONAL ESTÁNDAR DEL LIBRO
Número Internacional Estándar del Libro 9789588640174
041 0# - CÓDIGO DE LENGUA
Código de lengua del texto/banda sonora o título independiente #*spa
082 04 - NÚMERO DE LA CLASIFICACIÓN DECIMAL DEWEY
Número de clasificación 864
Número de documento/Ítem O76l
Número de edición 21
100 1# - ENTRADA PRINCIPAL--NOMBRE DE PERSONA
Nombre de persona Ospina, William
Fechas asociadas al nombre 1954-
245 13 - MENCIÓN DE TÍTULO
Título La lámpara maravillosa :
Resto del título cuatro ensayos sobre la educación y unelogio de la lectura /
Mención de responsabilidad, etc. William Ospina.
250 ## - MENCIÓN DE EDICIÓN
Mención de edición 1a ed.
260 ## - PUBLICACIÓN, DISTRIBUCIÓN, ETC.
Lugar de publicación, distribución, etc. [Bogotá] :
Nombre del editor, distribuidor, etc. Random House Mondadori,
Fecha de publicación, distribución, etc. 2012.
300 ## - DESCRIPCIÓN FÍSICA
Extensión 98 p.
490 #0 - MENCIÓN DE SERIE
Mención de serie Literatura Mondadori
500 ## - NOTA GENERAL
Nota general El ej: 6 de la Biblioteca Ciudadela con ISBN : 9789588640600
-- Ej.1 de la Biblioteca Mosquera con ISBN:9789588640600 reimpresión de 2013
502 ## - NOTA DE TESIS
Nota de tesis Tesis
504 ## - NOTA DE BIBLIOGRAFÍA, ETC.
Nota de bibliografía, etc. Referencias bibliográficas : p.
506 0# - NOTA DE RESTRICCIONES AL ACCESO
Limitaciones de acceso General
650 14 - PUNTO DE ACCESO ADICIONAL DE MATERIA--TÉRMINO DE MATERIA
Término de materia o nombre geográfico como elemento de entrada Literatura colombiana
Subdivisión cronológica Siglo XX
650 24 - PUNTO DE ACCESO ADICIONAL DE MATERIA--TÉRMINO DE MATERIA
Término de materia o nombre geográfico como elemento de entrada Ensayos colombianos
Subdivisión cronológica Siglo XX
650 24 - PUNTO DE ACCESO ADICIONAL DE MATERIA--TÉRMINO DE MATERIA
Término de materia o nombre geográfico como elemento de entrada Literatura y sociedad
Existencias
Estado de retiro Estado de pérdida Fuente del sistema de clasificación o colocación Estado dañado No para préstamo Código de colección Localización permanente Ubicación/localización actual Fecha de adquisición Número de inventario Total de préstamos Signatura topográfica completa Código de barras Fecha visto por última vez Fecha del último préstamo Número de copia Precio válido a partir de Tipo de ítem Koha Nota pública
          Colección General Biblioteca Pública San Juan Bosco Biblioteca Pública San Juan Bosco 20/01/2020 107836 2 864 O76l MOS016286 04/12/2024 26/11/2024 ej.1 20/01/2020 Libro Ocho días

© Todos los derechos reservados para la Biblioteca Pública Municipal San Juan Bosco, 2020
Secretaria de Cultura de Mosquera
Carrera 3 N° 10 Esquina Centro Cultural Barrio El Carmén Teléfono: 8270830 Ext: 34
Funcionando con KOHA
Contacto: Biblioteca Pública Municipal San Juan Bosco/ bibliotecasanjuanbosco@mosquera-cundinamarca.gov.co
Mosquera, Cundinamarca